Handbook of Coronary Stents (Record no. 615214)

000 -LEADER
fixed length control field 00326nam a22001337a 4500
040 ## - CATALOGING SOURCE
Transcribing agency Martin Dunitz Ltd
082 ## - DEWEY DECIMAL CLASSIFICATION NUMBER
Classification number 617.41
Author Mark S481 H
100 ## - MAIN ENTRY--PERSONAL NAME
Personal name Serruys, Patrick W
9 (RLIN) 131287
245 ## - TITLE STATEMENT
Title Handbook of Coronary Stents
250 ## - EDITION STATEMENT
Edition statement 2nd ed.
260 ## - PUBLICATION, DISTRIBUTION, ETC.
Place of publication, distribution, etc. UK
Name of publisher, distributor, etc. Martin Dunitz
Date of publication, distribution, etc. 1998
300 ## - PHYSICAL DESCRIPTION
Extent 343p.
Dimensions 23cm.
942 ## - ADDED ENTRY ELEMENTS (KOHA)
Source of classification or shelving scheme
Koha item type Book
Holdings
Withdrawn status Lost status Source of classification or shelving scheme Damaged status Not for loan Permanent Location Current Location Date acquired Total Checkouts Full call number Barcode Date last seen Price effective from Koha item type
          School of Chemical & Materials Engineering (SCME) School of Chemical & Materials Engineering (SCME) 10/20/2025   617.41 S481 H SCME-D324 10/20/2025 10/20/2025 Book
© 2023 Central Library, National University of Sciences and Technology. All Rights Reserved.